[Event "SR Extraliga 2017/2018"]
[Site "?"]
[Date "2017.11.12"]
[Round "4.7"]
[White "Skreno, Vladimir"]
[Black "Gasa, Patrik"]
[Result "0-1"]
[WhiteElo "2200"]
[BlackElo "2120"]
[PlyCount "88"]
[EventDate "2017.??.??"]

1. d4 Nf6 2. Nf3 c5 3. c3 d5 4. Bf4 Nc6 5. e3 Qb6 6. Qc1 Bf5 7. dxc5 Qxc5 8.
Nd4 Bg6 9. Nxc6 Qxc6 10. Nd2 Nh5 11. Bg5 a6 12. Qd1 Nf6 13. Bxf6 gxf6 14. Rc1
Rc8 15. Be2 Bg7 16. O-O f5 17. Qb3 O-O 18. Bf3 e6 19. c4 dxc4 20. Nxc4 Qb5 21.
Qxb5 axb5 22. Nd6 Ra8 23. Nxb5 Rxa2 24. b4 f4 25. e4 Rd8 26. Rc7 Rb2 27. Rxb7
Rxb4 28. h4 Bxe4 29. Bxe4 Rxe4 30. Rc7 Re2 31. Rc4 Rb2 32. Na3 Bd4 33. Nc2 Bb6
34. Rb4 Rxb4 35. Nxb4 Rd2 36. Nc6 f6 37. h5 Kg7 38. Ne7 Kh6 39. Ng8+ Kg5 40. h6
Kg6 41. Rb1 Bxf2+ 42. Kf1 Kf7 43. Rb8 Be3 44. g4 fxg3 0-1

[Event "SR Extraliga 2017/2018"]
[Site "?"]
[Date "2017.11.12"]
[Round "4.8"]
[White "Cajka, Tibor"]
[Black "Pcola, Jaroslav"]
[Result "1-0"]
[WhiteElo "2052"]
[BlackElo "2123"]
[PlyCount "70"]
[EventDate "2017.??.??"]

1. e4 c5 2. Nf3 Nc6 3. Nc3 g6 4. d4 cxd4 5. Nxd4 Bg7 6. Be3 Nf6 7. Bc4 O-O 8.
Bb3 d6 9. f3 Bd7 10. Qd2 Na5 11. O-O-O Nxb3+ 12. cxb3 Qa5 13. Kb1 Rfc8 14. Bh6
Bxh6 15. Qxh6 Qh5 16. Qe3 b5 17. h4 b4 18. Nce2 Qc5 19. Rc1 Qb6 20. h5 e5 21.
Qg5 Rxc1+ 22. Rxc1 Nxh5 23. g4 exd4 24. gxh5 Qb5 25. Qxb5 Bxb5 26. Nxd4 Bd3+
27. Ka1 gxh5 28. a3 a5 29. Rg1+ Kf8 30. Rh1 a4 31. Rd1 Ba6 32. bxa4 Bc8 33. b3
bxa3 34. Rh1 Ra5 35. Nb5 d5 1-0

[Event "SR Extraliga 2017/2018"]
[Site "?"]
[Date "2017.11.12"]
[Round "4.1"]
[White "Miton, Kamil"]
[Black "Petenyi, Tamas"]
[Result "1/2-1/2"]
[WhiteElo "2596"]
[BlackElo "2454"]
[PlyCount "43"]
[EventDate "2017.??.??"]

1. e4 c5 2. Nf3 d6 3. Bb5+ Nd7 4. d4 a6 5. Bxd7+ Bxd7 6. dxc5 dxc5 7. Nc3 e6 8.
O-O Qc7 9. Bg5 f6 10. Bh4 Ne7 11. Nd2 Ng6 12. Bg3 Bd6 13. Bxd6 Qxd6 14. Nc4
Qxd1 15. Rfxd1 Ke7 16. Nb6 Rad8 17. Nca4 Bxa4 18. Nxa4 Rxd1+ 19. Rxd1 Rc8 20.
Nb6 Rc7 21. Kf1 Ne5 22. a4 1/2-1/2

[Event "SR Extraliga 2017/2018"]
[Site "?"]
[Date "2017.11.12"]
[Round "4.2"]
[White "Czebe, Attila"]
[Black "Antoniewski, Rafal"]
[Result "1/2-1/2"]
[WhiteElo "2451"]
[BlackElo "2531"]
[PlyCount "92"]
[EventDate "2017.??.??"]

1. Nf3 Nf6 2. g3 g6 3. b4 Bg7 4. Bb2 Na6 5. a3 c5 6. b5 Nc7 7. a4 d5 8. Bg2 O-O
9. O-O d4 10. e3 Nh5 11. exd4 cxd4 12. Re1 Re8 13. Ne5 f6 14. Nd3 Bf8 15. c3
dxc3 16. dxc3 e5 17. Na3 Rb8 18. Nc4 Be6 19. Ne3 Nd5 20. Qe2 Nxe3 21. Qxe3 Bd5
22. Nb4 Bxg2 23. Red1 Qc8 24. Kxg2 f5 25. Qe2 Qe6 26. Nd5 Rbc8 27. c4 Bg7 28.
Re1 Qf7 29. Rad1 h6 30. Ba3 Kh7 31. Bd6 e4 32. c5 Be5 33. b6 axb6 34. Nxb6 Rc6
35. Qc4 Qxc4 36. Nxc4 Bxd6 37. Nxd6 Re7 38. g4 Nf4+ 39. Kg3 Ne6 40. gxf5 gxf5
41. Nxf5 Rf7 42. Nd4 Nxd4 43. Rxd4 Rg6+ 44. Kh4 Rf4+ 45. Kh3 Rf3+ 46. Kh4 Rf4+
1/2-1/2

[Event "SR Extraliga 2017/2018"]
[Site "?"]
[Date "2017.11.12"]
[Round "4.3"]
[White "Jakubiec, Artur"]
[Black "Varga, Zoltan"]
[Result "1/2-1/2"]
[WhiteElo "2512"]
[BlackElo "2447"]
[PlyCount "54"]
[EventDate "2017.??.??"]

1. e4 Nf6 2. d3 d5 3. Nd2 e5 4. Ngf3 Nc6 5. Be2 dxe4 6. dxe4 Bc5 7. O-O O-O 8.
c3 a5 9. Bb5 Na7 10. Bc4 b5 11. Be2 Qe7 12. a4 b4 13. Qc2 Bb7 14. Bd3 bxc3 15.
bxc3 Nc8 16. Nb3 Bd6 17. Nh4 Qe6 18. Nf5 Ne7 19. c4 c5 20. Nxe7+ Qxe7 21. Bd2
Qc7 22. Rfb1 Rfb8 23. Nc1 Nd7 24. Rb5 Bc6 25. Rxb8+ Nxb8 26. Nb3 Be8 27. Nc1
Nc6 1/2-1/2

[Event "SR Extraliga 2017/2018"]
[Site "?"]
[Date "2017.11.12"]
[Round "4.4"]
[White "Bagi, Mate"]
[Black "Jurcik, Martin"]
[Result "1/2-1/2"]
[WhiteElo "2445"]
[BlackElo "2328"]
[PlyCount "32"]
[EventDate "2017.??.??"]

1. e4 d5 2. exd5 Qxd5 3. Nc3 Qd6 4. d4 Nf6 5. Nf3 c6 6. Ne5 Nbd7 7. f4 e6 8. g4
Qc7 9. Bg2 Be7 10. O-O O-O 11. Kh1 c5 12. g5 Ne8 13. d5 Nb6 14. Nb5 Qb8 15.
dxe6 Bxe6 16. Qe2 Nd6 1/2-1/2

[Event "SR Extraliga 2017/2018"]
[Site "?"]
[Date "2017.11.12"]
[Round "4.5"]
[White "Likavsky, Tomas"]
[Black "Meszaros, Michal"]
[Result "1/2-1/2"]
[WhiteElo "2436"]
[BlackElo "2359"]
[PlyCount "35"]
[EventDate "2017.??.??"]

1. c4 c5 2. g3 g6 3. Bg2 Bg7 4. Nc3 Nc6 5. d3 d6 6. Bd2 e6 7. a3 Nge7 8. Rb1 a5
9. Nf3 O-O 10. O-O b6 11. Nb5 d5 12. b4 axb4 13. axb4 cxb4 14. Qb3 Ba6 15. Rfc1
Qd7 16. Bxb4 Bxb5 17. cxb5 Nxb4 18. Qxb4 1/2-1/2

[Event "SR Extraliga 2017/2018"]
[Site "?"]
[Date "2017.11.12"]
[Round "4.6"]
[White "Csonka, Attila"]
[Black "Kantorik, Marian"]
[Result "1/2-1/2"]
[WhiteElo "2366"]
[BlackElo "2298"]
[PlyCount "92"]
[EventDate "2017.??.??"]

1. e4 c6 2. d4 d5 3. Nc3 g6 4. e5 Bg7 5. f4 Nh6 6. Nf3 Bg4 7. h3 Bxf3 8. Qxf3
Nf5 9. Ne2 e6 10. g4 Ne7 11. Ng3 c5 12. dxc5 Qa5+ 13. c3 Qxc5 14. Be3 Qa5 15.
b4 Qc7 16. Bc5 Nbc6 17. Bd6 Qd7 18. Bb5 Nc8 19. Bc5 b6 20. Bd4 O-O 21. Bxc6
Qxc6 22. O-O Ne7 23. a4 Qc7 24. b5 a6 25. Qe3 axb5 26. Bxb6 Qd7 27. a5 Nc6 28.
Rfb1 Rfc8 29. g5 Bf8 30. Qd3 Nb8 31. Rxb5 Rc4 32. Rab1 Qc8 33. Ne2 Nc6 34. R1b3
Ra4 35. Nd4 Nxa5 36. Bxa5 R4xa5 37. Rxa5 Rxa5 38. Ne2 Ra2 39. Kf1 Bc5 40. Qb1
Qa6 41. Rb8+ Kg7 42. Qb5 Ra1+ 43. Kg2 Qa2 44. Qxc5 Qxe2+ 45. Kg3 Qe1+ 46. Kf3
Qf1+ 1/2-1/2

[Event "SR Extraliga 2017/2018"]
[Site "?"]
[Date "2017.11.12"]
[Round "4.7"]
[White "Hanko, Pavol"]
[Black "Rachela, Milan"]
[Result "0-1"]
[WhiteElo "2073"]
[BlackElo "2330"]
[PlyCount "94"]
[EventDate "2017.??.??"]

1. d4 Nf6 2. Nf3 e6 3. c4 Bb4+ 4. Bd2 a5 5. g3 O-O 6. Bg2 d5 7. O-O dxc4 8. Qc2
Nc6 9. Qxc4 Bd6 10. Nc3 e5 11. Bg5 h6 12. Bxf6 Qxf6 13. d5 Nb4 14. a3 Na6 15.
b4 Qe7 16. Ne4 axb4 17. Nxd6 cxd6 18. axb4 Bd7 19. Rfc1 Rfc8 20. Qb3 Qd8 21.
Nd2 Bb5 22. e3 Rxc1+ 23. Rxc1 Rc8 24. Rc3 Kf8 25. Ne4 Ke7 26. Bh3 Rc7 27. Qd1
Nxb4 28. Qb1 Nxd5 29. Rb3 Ba6 30. Qd1 Nf6 31. Nxf6 gxf6 32. e4 Rc5 33. Bg2 Qc7
34. Rb1 Rc2 35. h4 Qc5 36. Qf3 Rc1+ 37. Rxc1 Qxc1+ 38. Kh2 Bc4 39. Bh3 b5 40.
Qg4 Be6 41. Qe2 Bxh3 42. Kxh3 b4 43. Qd3 h5 44. Kg2 Qc6 45. g4 hxg4 46. h5 f5
47. h6 Kf6 0-1

[Event "SR Extraliga 2017/2018"]
[Site "?"]
[Date "2017.11.12"]
[Round "4.8"]
[White "Takacs, Laszlo"]
[Black "Magat, Jozef"]
[Result "1-0"]
[WhiteElo "2241"]
[BlackElo "2110"]
[PlyCount "57"]
[EventDate "2017.??.??"]

1. e4 c6 2. d4 d5 3. f3 dxe4 4. fxe4 e5 5. Nf3 Bd6 6. Bc4 Qe7 7. O-O Nf6 8. Bg5
Bg4 9. Qe1 Nbd7 10. Nbd2 O-O 11. c3 h6 12. Bh4 g5 13. Nxg5 hxg5 14. Bxg5 Kg7
15. h3 Bh5 16. Qh4 Rh8 17. Rxf6 Nxf6 18. Rf1 Bf3 19. Qg3 Nh5 20. Bf6+ Kxf6 21.
Rxf3+ Nf4 22. Qg4 Rag8 23. Rxf4+ exf4 24. e5+ Qxe5 25. dxe5+ Bxe5 26. Ne4+ Ke7
27. Qf5 Bc7 28. Qxf7+ Kd8 29. Be6 1-0

[Event "SR Extraliga 2017/2018"]
[Site "?"]
[Date "2017.11.12"]
[Round "4.1"]
[White "Motuz, Karol"]
[Black "Banusz, Tamas"]
[Result "0-1"]
[WhiteElo "2432"]
[BlackElo "2616"]
[PlyCount "72"]
[EventDate "2017.??.??"]

1. d4 d5 2. Bf4 Nf6 3. e3 c5 4. c3 Nc6 5. Nd2 e6 6. Ngf3 cxd4 7. exd4 Nh5 8.
Be3 Bd6 9. Ne5 g6 10. Be2 Ng7 11. Ndf3 f6 12. Nxc6 bxc6 13. Qd2 Qe7 14. g4 e5
15. g5 exd4 16. Nxd4 Bd7 17. O-O-O O-O 18. h4 f5 19. Nf3 Rab8 20. Rhe1 Ba3 21.
Bf4 Rxb2 22. Qxb2 Qc5 23. Rd3 Re8 24. Be3 Bxb2+ 25. Kxb2 Qb5+ 26. Ka1 f4 27.
Rd2 Qa5 28. Bd4 c5 29. Bf6 Nh5 30. Rc1 Qa3 31. Rcc2 Bf5 32. Bd3 Bg4 33. Bb5 Re4
34. Rxd5 Nxf6 35. gxf6 Bxf3 36. Bc4 Rxc4 0-1

[Event "SR Extraliga 2017/2018"]
[Site "?"]
[Date "2017.11.12"]
[Round "4.2"]
[White "Polak, Tomas"]
[Black "Piesik, Piotr"]
[Result "1-0"]
[WhiteElo "2516"]
[BlackElo "2366"]
[PlyCount "89"]
[EventDate "2017.??.??"]

1. d4 Nf6 2. c4 e6 3. Nf3 Bb4+ 4. Bd2 a5 5. g3 O-O 6. Bg2 d6 7. O-O Bxd2 8.
Qxd2 b6 9. Nc3 Bb7 10. Rfe1 Ne4 11. Nxe4 Bxe4 12. Qf4 d5 13. Rac1 Na6 14. Red1
f6 15. Bh3 Re8 16. a3 Qe7 17. Nd2 Bg6 18. Bg2 Rad8 19. cxd5 exd5 20. e3 Bd3 21.
Nb1 Bc4 22. Qf5 Qe6 23. Qc2 c5 24. b3 Bb5 25. Nc3 Bc6 26. Ne2 Bb7 27. Nf4 Qf7
28. h4 Rc8 29. Qf5 g6 30. Qg4 c4 31. bxc4 dxc4 32. Bxb7 Qxb7 33. d5 f5 34. Qg5
Qe7 35. Qxe7 Rxe7 36. d6 Rd7 37. Nd5 Rf8 38. Nxb6 Rb7 39. Nxc4 Rb5 40. d7 Rd8
41. Nxa5 Rc5 42. Rxc5 Nxc5 43. Rd5 Nxd7 44. Nc6 Rc8 45. Ne7+ 1-0

[Event "SR Extraliga 2017/2018"]
[Site "?"]
[Date "2017.11.12"]
[Round "4.3"]
[White "Vojtek, Vladimir"]
[Black "Pacher, Milan"]
[Result "0-1"]
[WhiteElo "2284"]
[BlackElo "2449"]
[PlyCount "88"]
[EventDate "2017.??.??"]

1. e4 c6 2. d4 d5 3. exd5 cxd5 4. Bd3 Nc6 5. c3 Qc7 6. Ne2 Bg4 7. f3 Bh5 8. Bf4
Qd7 9. Nd2 e6 10. O-O Bg6 11. Nc1 Nf6 12. b4 Bd6 13. Bxd6 Qxd6 14. f4 O-O 15.
Qf3 a5 16. b5 Ne7 17. Bxg6 hxg6 18. Nd3 Rfc8 19. Ne5 Qa3 20. Rfc1 a4 21. Rc2
Qd6 22. Qd3 Qb6 23. Rb1 Nf5 24. Ndf3 Nd6 25. Ng5 Ra5 26. c4 dxc4 27. Rxc4 Nxc4
28. Nxc4 Qc7 29. Nxa5 Qxa5 30. h3 Rc3 31. Qd2 Qc7 32. Nf3 Ne4 33. Qe1 Qxf4 34.
Rd1 Re3 35. Qf1 Ng3 36. Qc4 Ne2+ 37. Kf2 Re4 38. Rd3 Qg3+ 39. Kf1 Nf4 40. Rd2
Nxg2 41. Rxg2 Qxf3+ 42. Kg1 Re1+ 43. Kh2 Qf4+ 44. Rg3 Re3 0-1

[Event "SR Extraliga 2017/2018"]
[Site "?"]
[Date "2017.11.12"]
[Round "4.4"]
[White "Zetocha, Claudiu"]
[Black "Zvarik, Martin"]
[Result "1-0"]
[WhiteElo "2352"]
[BlackElo "2244"]
[PlyCount "141"]
[EventDate "2017.??.??"]

1. Nf3 d5 2. d4 c6 3. e3 Bf5 4. c4 e6 5. Nc3 Nd7 6. Be2 h6 7. O-O Bd6 8. Qb3
Rb8 9. Bd2 dxc4 10. Bxc4 b5 11. Be2 b4 12. Na4 Be4 13. Rfc1 Bd5 14. Qd1 Ngf6
15. Be1 Ne4 16. Nd2 Nxd2 17. Qxd2 e5 18. dxe5 Bxe5 19. e4 Bxe4 20. Qe3 Qe7 21.
f4 Bd6 22. Bg4 Nf6 23. Bf3 O-O 24. Bxe4 Qxe4 25. Qxe4 Nxe4 26. g3 c5 27. Rc4
Rfe8 28. b3 Re6 29. Bf2 Nd2 30. Rc2 Re2 31. Rac1 c4 32. bxc4 b3 33. axb3 Ba3
34. Nc3 Rxf2 35. Kxf2 Bxc1 36. Rxc1 Rxb3 37. Nb5 a6 38. Nd4 Ne4+ 39. Ke2 Rb2+
40. Ke3 Nc5 41. Rc2 Rb6 42. Ne2 Rd6 43. Ra2 Rd3+ 44. Kf2 Ne4+ 45. Ke1 Rd6 46.
Ra3 Rc6 47. Ra4 Rb6 48. Ra1 a5 49. c5 Ra6 50. c6 Rxc6 51. Rxa5 Rb6 52. Nd4 g6
53. Ke2 Rb2+ 54. Kf3 Nd2+ 55. Kg4 Kg7 56. Ra1 h5+ 57. Kh3 Ne4 58. Nf3 Rf2 59.
Re1 f5 60. Ng5 Nxg5+ 61. fxg5 Kf7 62. Ra1 f4 63. g4 h4 64. Ra7+ Ke6 65. Ra6+
Ke5 66. Rxg6 Rc2 67. Rf6 Rb2 68. Rf8 Ke4 69. g6 Rb7 70. Kxh4 f3 71. Kg3 1-0

[Event "SR Extraliga 2017/2018"]
[Site "?"]
[Date "2017.11.12"]
[Round "4.5"]
[White "Bombek, Peter"]
[Black "Havlicek, Libor"]
[Result "1/2-1/2"]
[WhiteElo "2241"]
[BlackElo "2295"]
[PlyCount "54"]
[EventDate "2017.??.??"]

1. d4 Nf6 2. Nf3 e6 3. e3 c5 4. c3 b6 5. Bd3 Ba6 6. O-O Bxd3 7. Qxd3 Be7 8. e4
d6 9. Bg5 O-O 10. Nbd2 Nbd7 11. h3 Re8 12. Rad1 Qc7 13. Rfe1 cxd4 14. Qxd4 Ne5
15. Nxe5 dxe5 16. Qc4 Rac8 17. Qxc7 Rxc7 18. Nf3 h6 19. Bxf6 Bxf6 20. Rd3 Kf8
21. Kf1 Rec8 22. Red1 Ke8 23. Ke2 Rc4 24. Nd2 R4c7 25. Nf3 Rc4 26. Nd2 R4c7 27.
Nf3 Rc4 1/2-1/2

[Event "SR Extraliga 2017/2018"]
[Site "?"]
[Date "2017.11.12"]
[Round "4.6"]
[White "Briestensky, Rastislav"]
[Black "Borik, Juraj"]
[Result "1-0"]
[WhiteElo "2322"]
[BlackElo "2157"]
[PlyCount "81"]
[EventDate "2017.??.??"]

1. e4 d5 2. exd5 Qxd5 3. Nc3 Qd6 4. d4 Nf6 5. Nge2 a6 6. Bf4 Qd8 7. Ng3 e6 8.
Be2 Nc6 9. Be3 Bb4 10. O-O Ne7 11. a3 Bd6 12. Bg5 Nfd5 13. Nce4 Bf4 14. Nh5
Bxg5 15. Nxg5 Nf5 16. Qd2 g6 17. Ng3 O-O 18. Nxf5 exf5 19. Bc4 b5 20. Bxd5 Qxd5
21. Rad1 Bb7 22. f3 c5 23. c3 cxd4 24. Qxd4 Qxd4+ 25. Rxd4 h6 26. Nh3 Bc6 27.
Rfd1 Rfc8 28. Nf4 Kf8 29. Kf2 h5 30. h4 Rab8 31. Nd3 a5 32. Rd2 Be8 33. Nf4 Rc5
34. Nd3 Rc7 35. Ne5 Ke7 36. Ke3 f6 37. Nd3 g5 38. g3 Rb6 39. Kf2 Rd7 40. Re2+
Re6 41. Rxe6+ 1-0

[Event "SR Extraliga 2017/2018"]
[Site "?"]
[Date "2017.11.12"]
[Round "4.7"]
[White "Kovacik, Emil"]
[Black "Kostolansky, Sebastian Lukas"]
[Result "0-1"]
[WhiteElo "2119"]
[BlackElo "2205"]
[PlyCount "86"]
[EventDate "2017.??.??"]

1. e4 e6 2. d4 d5 3. Nd2 c5 4. exd5 exd5 5. Bb5+ Nc6 6. Ne2 Bd6 7. dxc5 Bxc5 8.
O-O Nge7 9. Nb3 Bb6 10. a4 O-O 11. Bg5 a6 12. Bxc6 bxc6 13. a5 Ba7 14. Qd2 Bf5
15. Ned4 f6 16. Be3 Qd7 17. Nxf5 Nxf5 18. Bxa7 Qxa7 19. Qc3 Rfc8 20. Qc5 Qxc5
21. Nxc5 Rcb8 22. b3 Nd4 23. Ra2 Rb5 24. Nd3 Re8 25. Re1 Rxe1+ 26. Nxe1 c5 27.
f3 Kf7 28. Kf2 Ke6 29. Ke3 Nc6 30. Nd3 Nxa5 31. Ra4 c4 32. Nb4 cxb3 33. cxb3
Ke5 34. Nd3+ Kd6 35. b4 Nc4+ 36. Kd4 a5 37. bxa5 Nxa5 38. Nb4 Rxb4+ 39. Rxb4
Nc6+ 40. Kc3 Nxb4 41. Kxb4 d4 42. Kc4 Ke5 43. Kd3 Kd5 0-1

[Event "SR Extraliga 2017/2018"]
[Site "?"]
[Date "2017.11.12"]
[Round "4.8"]
[White "Franzen, Jozef"]
[Black "Podoba, Milan"]
[Result "1-0"]
[WhiteElo "2261"]
[BlackElo "2039"]
[PlyCount "39"]
[EventDate "2017.??.??"]

1. Nf3 d5 2. g3 Nf6 3. Bg2 c6 4. O-O Bf5 5. d3 e6 6. Nbd2 h6 7. Qe1 Be7 8. e4
dxe4 9. dxe4 Bh7 10. Qe2 O-O 11. e5 Nd5 12. Ne4 Qc7 13. c4 Nb6 14. Bf4 N8d7 15.
Rfd1 g5 16. Bd2 Nxe5 17. Nexg5 Bd3 18. Qxe5 Bd6 19. Qf6 hxg5 20. Bc3 1-0

[Event "SR Extraliga 2017/2018"]
[Site "?"]
[Date "2017.11.12"]
[Round "4.2"]
[White "Rojicek, Vojtech"]
[Black "Nagy, Gabor"]
[Result "1/2-1/2"]
[WhiteElo "2399"]
[BlackElo "2472"]
[PlyCount "34"]
[EventDate "2017.??.??"]

1. Nf3 Nf6 2. c4 g6 3. g3 Bg7 4. Bg2 O-O 5. O-O d6 6. d4 Nbd7 7. Nc3 e5 8. h3
c6 9. e4 Qa5 10. d5 cxd5 11. cxd5 b5 12. a3 b4 13. Qa4 Qxa4 14. Nxa4 bxa3 15.
Nd2 Ba6 16. Re1 axb2 17. Nxb2 Bb5 1/2-1/2

[Event "SR Extraliga 2017/2018"]
[Site "?"]
[Date "2017.11.12"]
[Round "4.3"]
[White "Michalicka, Milan"]
[Black "Hrabusa, Matej"]
[Result "0-1"]
[WhiteElo "2165"]
[BlackElo "2357"]
[PlyCount "64"]
[EventDate "2017.??.??"]

1. d4 d5 2. Nf3 Nf6 3. c4 e6 4. g3 Bb4+ 5. Bd2 Be7 6. Bg2 c6 7. Qc2 Nbd7 8. O-O
O-O 9. Bf4 b6 10. cxd5 cxd5 11. Nc3 a6 12. Rfc1 Nh5 13. Na4 Nxf4 14. gxf4 Ra7
15. Ne5 Nxe5 16. fxe5 Bd7 17. Qb3 Bb5 18. e3 f6 19. Bh3 fxe5 20. Bxe6+ Kh8 21.
dxe5 Qe8 22. Bxd5 Bxa4 23. Qxb6 Rd7 24. Qe6 Bh4 25. f4 Qd8 26. Be4 Rd2 27. b3
Bf2+ 28. Kh1 Bd7 29. Qxa6 Bxe3 30. Rc2 Bf5 31. Qc6 Rd1+ 32. Rxd1 Qxd1+ 0-1

[Event "SR Extraliga 2017/2018"]
[Site "?"]
[Date "2017.11.12"]
[Round "4.4"]
[White "Hros, Roman"]
[Black "Haring, Viktor"]
[Result "0-1"]
[WhiteElo "2194"]
[BlackElo "2289"]
[PlyCount "54"]
[EventDate "2017.??.??"]

1. Nf3 d5 2. c4 d4 3. e3 c5 4. exd4 cxd4 5. Bd3 Nf6 6. O-O Bg4 7. Re1 Nc6 8. a3
e6 9. Bc2 d3 10. Ba4 Bd6 11. b3 O-O 12. Bxc6 bxc6 13. Bb2 Rb8 14. b4 a5 15. h3
Bh5 16. g4 Bg6 17. Ne5 Qc7 18. Qf3 axb4 19. axb4 Rxb4 20. Bc3 Rb3 21. Nxg6 fxg6
22. Qxd3 Bc5 23. Rf1 Qf4 24. Ra5 Nxg4 25. hxg4 Rxb1 26. Qe2 Qg3+ 27. Kh1 Qh3+
0-1

[Event "SR Extraliga 2017/2018"]
[Site "?"]
[Date "2017.11.12"]
[Round "4.5"]
[White "Haring, Filip"]
[Black "Tropp, Oliver"]
[Result "1-0"]
[WhiteElo "2267"]
[BlackElo "2198"]
[PlyCount "91"]
[EventDate "2017.??.??"]

1. e4 e6 2. d3 b5 3. g3 Bb7 4. Bg2 c5 5. Nf3 Nf6 6. O-O Be7 7. a4 a6 8. b3 O-O
9. Bb2 d6 10. e5 dxe5 11. Nxe5 Bxg2 12. Kxg2 Qd5+ 13. Qf3 Qxf3+ 14. Kxf3 Nbd7
15. Nxd7 Nxd7 16. Nd2 f5 17. Rfe1 Kf7 18. Kg2 g5 19. h3 h5 20. g4 Bf6 21. Bxf6
Kxf6 22. gxh5 b4 23. a5 Rac8 24. Re2 Rh8 25. Rae1 Rc6 26. Nf3 Rxh5 27. d4 g4
28. hxg4 fxg4 29. Nd2 cxd4 30. Nc4 e5 31. Re4 Re6 32. Rxg4 Nc5 33. Rg3 e4 34.
Nd2 Kf5 35. Nf1 Kf4 36. Rd1 Rd5 37. Ne3 Rd8 38. Rg4+ Ke5 39. Rg5+ Kf6 40. Rf5+
Ke7 41. Nd5+ Kd6 42. Rxd4 Rg6+ 43. Kf1 Ke6 44. Rh5 Kf7 45. Rxb4 Rgd6 46. Ne3
1-0

[Event "SR Extraliga 2017/2018"]
[Site "?"]
[Date "2017.11.12"]
[Round "4.6"]
[White "Macko, Michal"]
[Black "Sorkovsky, Miroslav"]
[Result "1/2-1/2"]
[WhiteElo "2176"]
[BlackElo "2153"]
[PlyCount "44"]
[EventDate "2017.??.??"]

1. e4 c5 2. Nf3 d6 3. Bb5+ Nd7 4. O-O Ngf6 5. Re1 e5 6. c3 Be7 7. d4 a6 8. Bd3
O-O 9. Nbd2 Re8 10. d5 b5 11. c4 Rb8 12. Qe2 b4 13. Nf1 Bf8 14. Ng3 g6 15. h3
Bg7 16. Bg5 h6 17. Be3 Rf8 18. Nh2 Kh7 19. Rf1 Ng8 20. Rae1 a5 21. Bc2 Nb6 22.
Bb1 Qh4 1/2-1/2

[Event "SR Extraliga 2017/2018"]
[Site "?"]
[Date "2017.11.12"]
[Round "4.7"]
[White "Urhegyi, Marton"]
[Black "Motycakova, Monika"]
[Result "1/2-1/2"]
[WhiteElo "2249"]
[BlackElo "2152"]
[PlyCount "63"]
[EventDate "2017.??.??"]

1. Nf3 d5 2. b3 Nf6 3. Bb2 c5 4. e3 Nc6 5. Be2 Bg4 6. O-O e6 7. h3 Bh5 8. d4
Be7 9. Nbd2 O-O 10. c4 Rc8 11. Rc1 cxd4 12. Nxd4 Bxe2 13. Qxe2 Qa5 14. cxd5
Nxd4 15. Bxd4 Nxd5 16. Nc4 Qa6 17. e4 Bf6 18. Bxf6 Nxf6 19. Rcd1 Rfd8 20. Rxd8+
Rxd8 21. Rd1 Rxd1+ 22. Qxd1 h6 23. Qd8+ Kh7 24. Qd3 Kg8 25. a4 Qc6 26. Qd8+ Kh7
27. e5 Nd5 28. Qd6 Qc8 29. g3 Kg8 30. f4 Nb6 31. Nxb6 Qc1+ 32. Kf2 1/2-1/2

[Event "SR Extraliga 2017/2018"]
[Site "?"]
[Date "2017.11.12"]
[Round "4.8"]
[White "Mraz, Ondrej"]
[Black "Kamody, Mario"]
[Result "0-1"]
[WhiteElo "2170"]
[BlackElo "2254"]
[PlyCount "78"]
[EventDate "2017.??.??"]

1. e4 e5 2. Nf3 Nc6 3. Bc4 Nf6 4. d3 Bc5 5. O-O d6 6. a4 O-O 7. a5 a6 8. c3 Qe7
9. b4 Ba7 10. Qb3 Be6 11. Nbd2 Nd8 12. d4 exd4 13. cxd4 Nxe4 14. Nxe4 Bxc4 15.
Qxc4 Qxe4 16. Re1 Qc6 17. Qb3 d5 18. Re5 Ne6 19. Bb2 Rad8 20. Rae1 Qd7 21. Rh5
f6 22. Rh4 Rfe8 23. Qd3 Nf8 24. Rxe8 Rxe8 25. h3 c6 26. Bc1 Bb8 27. g3 Bd6 28.
Bd2 Qe7 29. Rg4 Bxb4 30. Bh6 Ng6 31. Nh4 Qe1+ 32. Kg2 Nxh4+ 33. gxh4 Bf8 34.
Be3 Qxa5 35. h5 Re4 36. Rg3 Bd6 37. f4 Qe1 38. h6 g6 39. Kf3 Qh1+ 0-1

[Event "SR Extraliga 2017/2018"]
[Site "?"]
[Date "2017.11.12"]
[Round "4.1"]
[White "Gazik, Viktor"]
[Black "Leniart, Arkadiusz"]
[Result "1/2-1/2"]
[WhiteElo "2479"]
[BlackElo "2492"]
[PlyCount "30"]
[EventDate "2017.??.??"]

1. c4 e6 2. Nf3 d5 3. g3 Nf6 4. Bg2 Nbd7 5. O-O dxc4 6. Qa4 a6 7. Qxc4 b5 8.
Qc2 Bb7 9. b3 c5 10. Nc3 Be7 11. a4 Qb6 12. axb5 axb5 13. Rxa8+ Bxa8 14. Qd3
Bc6 15. Ne1 O-O 1/2-1/2

[Event "SR Extraliga 2017/2018"]
[Site "?"]
[Date "2017.11.12"]
[Round "4.2"]
[White "Druska, Juraj"]
[Black "Balog, Imre"]
[Result "1/2-1/2"]
[WhiteElo "2438"]
[BlackElo "2539"]
[PlyCount "154"]
[EventDate "2017.??.??"]

1. e4 g6 2. d4 Bg7 3. Nc3 d6 4. Bg5 c6 5. Qd2 b5 6. O-O-O Nd7 7. Kb1 Nb6 8. Nf3
Rb8 9. Qd3 a5 10. Ne2 Nf6 11. Nd2 h6 12. Bxf6 Bxf6 13. f4 O-O 14. g4 e5 15. g5
hxg5 16. fxg5 Bg7 17. h4 Bg4 18. Bh3 Bh5 19. Rdf1 d5 20. Ng3 dxe4 21. Ndxe4
Qxd4 22. Nxh5 gxh5 23. Nf6+ Bxf6 24. Qxd4 exd4 25. gxf6 Kh7 26. Rf5 Kh6 27. Bg2
Nc4 28. Bxc6 Rb6 29. Bf3 Nd2+ 30. Kc1 Nxf3 31. Rxf3 Rg8 32. Rhf1 Rg4 33. Rf4
Re6 34. Kd2 Re4 35. Rf5 Rxh4 36. Rxb5 Ref4 37. Rxf4 Rxf4 38. Rxa5 h4 39. Ra8
Kh7 40. Ra5 Kg6 41. Ra8 Rxf6 42. Rh8 Kg5 43. a4 Ra6 44. b3 Kg4 45. Kd3 h3 46.
Kxd4 Ra5 47. Rh7 f6 48. Rh6 f5 49. c4 f4 50. c5 Ra8 51. c6 Rd8+ 52. Ke5 f3 53.
c7 Rc8 54. Rg6+ Kh4 55. Kf4 Rf8+ 56. Ke3 f2 57. c8=Q f1=N+ 58. Ke2 Ng3+ 59.
Rxg3 Rxc8 60. Rg7 h2 61. Rh7+ Kg3 62. Rg7+ Kf4 63. Rh7 Rc1 64. Kd3 h1=Q 65.
Rxh1 Rxh1 66. Kd4 Rb1 67. a5 Rxb3 68. Kc5 Ke5 69. a6 Ra3 70. Kb6 Kd6 71. Kb7
Rb3+ 72. Kc8 Rc3+ 73. Kb8 Rb3+ 74. Kc8 Rc3+ 75. Kb8 Kd7 76. a7 Rb3+ 77. Ka8 Rb4
1/2-1/2

[Event "SR Extraliga 2017/2018"]
[Site "?"]
[Date "2017.11.12"]
[Round "4.3"]
[White "Horvath, Csaba"]
[Black "Manik, Mikulas"]
[Result "1-0"]
[WhiteElo "2507"]
[BlackElo "2415"]
[PlyCount "67"]
[EventDate "2017.??.??"]

1. d4 Nf6 2. c4 g6 3. Nc3 Bg7 4. e4 d6 5. Be2 O-O 6. Bg5 Na6 7. Qd2 e5 8. d5
Qe8 9. Bd1 Nc5 10. Bc2 a5 11. Nge2 Bd7 12. f3 b5 13. cxb5 Bxb5 14. Nxb5 Qxb5
15. b3 c6 16. Nc3 Qa6 17. dxc6 Qxc6 18. Rc1 Qa6 19. Be3 Rfc8 20. Qe2 Qb7 21.
O-O Ne6 22. Bd3 Nf4 23. Qd2 Qb4 24. Bc4 Rd8 25. Rfd1 Rab8 26. Bxf4 exf4 27.
Qxf4 Rb7 28. Kh1 Kh8 29. e5 Ne8 30. Qh4 Rdd7 31. Nd5 Qa3 32. Bb5 Rxb5 33. Rc8
Bxe5 34. Nf6 1-0

[Event "SR Extraliga 2017/2018"]
[Site "?"]
[Date "2017.11.12"]
[Round "4.4"]
[White "Mikrut, Dariusz"]
[Black "Farkas, Gabor"]
[Result "1-0"]
[WhiteElo "2387"]
[BlackElo "2378"]
[PlyCount "147"]
[EventDate "2017.??.??"]

1. d4 f5 2. g3 Nf6 3. Bg2 g6 4. c3 Bg7 5. Qb3 c6 6. Nd2 d6 7. Ngf3 Qb6 8. Qc2
O-O 9. O-O Kh8 10. e4 fxe4 11. Nxe4 Bf5 12. Nh4 Bxe4 13. Bxe4 Nxe4 14. Qxe4 e5
15. dxe5 dxe5 16. Be3 Qc7 17. Nf3 Nd7 18. Ng5 Nf6 19. Qh4 Rfe8 20. Rad1 h6 21.
Ne4 Nxe4 22. Qxe4 Kh7 23. h4 Qf7 24. h5 Rad8 25. Bxa7 Qf5 26. hxg6+ Qxg6 27.
Qxg6+ Kxg6 28. Bb6 Rxd1 29. Rxd1 Re7 30. Kf1 Kf5 31. Rd6 h5 32. Ke2 e4 33. a4
Ke5 34. Rd8 Ke6 35. Bc5 Rf7 36. Ke3 Kf5 37. Bd4 Bh6+ 38. Ke2 Bg5 39. Rh8 Kg4
40. Re8 Be7 41. Rg8+ Kf5 42. Rh8 Kg4 43. b4 h4 44. gxh4 Bxh4 45. Rh6 Bg5 46.
Re6 Re7 47. Rd6 Kf5 48. a5 Re6 49. Rd7 Re7 50. Rd8 Ke6 51. Rg8 Bf4 52. Be3 Be5
53. c4 Bc3 54. Bc5 Rd7 55. Re8+ Kf5 56. Re7 Rxe7 57. Bxe7 Bd4 58. Bf8 Kg6 59.
Bd6 Kf5 60. Bc7 Ke6 61. Bb6 Bc3 62. Bc5 Kf5 63. Bf8 Kf4 64. Bh6+ Kf5 65. Bd2
Be5 66. b5 Bc7 67. bxc6 bxc6 68. a6 Bb6 69. Be3 c5 70. Bh6 Ke5 71. Ke3 Kd6 72.
Bf4+ Kc6 73. Bb8 Bd8 74. Kxe4 1-0